Central Library OPAC University of Rajshahi

Statistical mapping and the presentation of statistics, (Record no. 8612)

MARC details
000 -LEADER
fixed length control field 00806cam a2200265 4500
001 - CONTROL NUMBER
control field 8612
003 - CONTROL NUMBER IDENTIFIER
rucl marc code BD-RjUL
005 - DATE AND TIME OF LATEST TRANSACTION
control field 20211208234623.0
008 - FIXED-LENGTH DATA ELEMENTS--GENERAL INFORMATION
fixed length control field 140118r19671963enkab b 001 0 eng d
035 ## - SYSTEM CONTROL NUMBER
System control number (OCoLC)ocm00487827
System control number (BD-RjUL)8657
040 ## - CATALOGING SOURCE
Original cataloging agency DLC
Transcribing agency WSU
Modifying agency NRC
-- UKM
-- ZCU
-- BD-RjUL
Language of cataloging eng
041 ## - LANGUAGE CODE
Language code of text/sound track or separate title eng
082 04 - DEWEY DECIMAL CLASSIFICATION NUMBER
Classification number 519.5
Edition number 18
Author mark and year DIS 1967
100 1# - MAIN ENTRY--PERSONAL NAME
Personal name Dickinson, G. C.
Fuller form of name (Gordon Cawood)
9 (RLIN) 26823
245 10 - TITLE STATEMENT
Title Statistical mapping and the presentation of statistics,
Statement of responsibility, etc. by G.C. Dickinson.
260 ## - PUBLICATION, DISTRIBUTION, ETC. (IMPRINT)
Place of publication, distribution, etc. London :
Name of publisher, distributor, etc. E. Arnold,
Date of publication, distribution, etc. 1963 [reprinted 1967].
300 ## - PHYSICAL DESCRIPTION
Pagination 160 p. :
Illustrations illus., maps
Size 26 cm.
504 ## - BIBLIOGRAPHY, ETC. NOTE
Bibliography, etc Includes index.
650 #0 - SUBJECT ADDED ENTRY--TOPICAL TERM
Topical term or geographic name as entry element Statistical maps.
9 (RLIN) 5051
Topical term or geographic name as entry element Statistics
General subdivision Graphic methods.
9 (RLIN) 6754
942 ## - ADDED ENTRY ELEMENTS (KOHA)
Source of classification or shelving scheme Dewey Decimal Classification
Koha item type Books
Holdings
Lost status Source of classification or shelving scheme Damaged status Not for loan Collection code Permanent Location Current Location Shelving location Date acquired Source of acquisition Cost, normal purchase price Total Checkouts Full call number Date last seen Copy number Koha item type
  Dewey Decimal Classification     Non-fiction Central Library, University of Rajshahi Central Library, University of Rajshahi   24/08/1968 Zeitlinger 21.00   519.5 DIS 1967 19/01/2014 C-8 Books
  Dewey Decimal Classification     Non-fiction Central Library, University of Rajshahi Central Library, University of Rajshahi   24/08/1968 Zeitlinger 21.00   519.5 DIS 1967 03/09/2016 C-2 Books
  Dewey Decimal Classification     Non-fiction Central Library, University of Rajshahi Central Library, University of Rajshahi   24/08/1968 Zeitlinger 21.00   519.5 DIS 1967 03/09/2016 C-3 Books
  Dewey Decimal Classification     Non-fiction Central Library, University of Rajshahi Central Library, University of Rajshahi   24/08/1968 Zeitlinger 21.00   519.5 DIS 1967 03/09/2016 C-4 Books
  Dewey Decimal Classification     Non-fiction Central Library, University of Rajshahi Central Library, University of Rajshahi   24/08/1968 Zeitlinger 21.00   519.5 DIS 1967 03/09/2016 C-5 Books
  Dewey Decimal Classification     Non-fiction Central Library, University of Rajshahi Central Library, University of Rajshahi   24/08/1968 Zeitlinger 21.00   519.5 DIS 1967 03/09/2016 C-6 Books
  Dewey Decimal Classification     Non-fiction Central Library, University of Rajshahi Central Library, University of Rajshahi   24/08/1968 Zeitlinger 21.00   519.5 DIS 1967 03/09/2016 C-7 Books
  Dewey Decimal Classification     Non-fiction Central Library, University of Rajshahi Central Library, University of Rajshahi   24/08/1968 Zeitlinger 21.00   519.5 DIS 1967 03/09/2016 C-8 Books